<?xml version="1.0" encoding="UTF-8"?>
<record
    xmlns:xsi="http://www.w3.org/2001/XMLSchema-instance"
    xsi:schemaLocation="http://www.loc.gov/MARC21/slim http://www.loc.gov/standards/marcxml/schema/MARC21slim.xsd"
    xmlns="http://www.loc.gov/MARC21/slim">

  <leader>00991cam a2200253 i 4500</leader>
  <controlfield tag="001">sa 68000602 </controlfield>
  <controlfield tag="003">DLC</controlfield>
  <controlfield tag="005">20260227112425.0</controlfield>
  <controlfield tag="008">811026m19659999pk       b    00010 urd  </controlfield>
  <datafield tag="010" ind1=" " ind2=" ">
    <subfield code="a">sa 68000602 /SA/r902</subfield>
  </datafield>
  <datafield tag="025" ind1=" " ind2=" ">
    <subfield code="a">PL480:P-U-1413</subfield>
  </datafield>
  <datafield tag="040" ind1=" " ind2=" ">
    <subfield code="a">DLC</subfield>
    <subfield code="c">DLC</subfield>
    <subfield code="d">DLC</subfield>
  </datafield>
  <datafield tag="050" ind1="0" ind2="0">
    <subfield code="a">LAW</subfield>
  </datafield>
  <datafield tag="100" ind1="0" ind2="0">
    <subfield code="a">Tanzil-ur-Rahman,</subfield>
    <subfield code="d">1928-</subfield>
  </datafield>
  <datafield tag="245" ind1="1" ind2="0">
    <subfield code="a">Majm&#x16B;&#x2BB;ah-yi qav&#x101;n&#x12B;n Isl&#x101;m /</subfield>
    <subfield code="c">Tanz&#x12B;lurra&#x1E25;m&#x101;n.</subfield>
  </datafield>
  <datafield tag="260" ind1="0" ind2=" ">
    <subfield code="a">Kar&#x101;c&#x12B; :</subfield>
    <subfield code="b">Markaz&#x12B; Id&#x101;rah-yi Ta&#x1E25;q&#x12B;q&#x101;t-i Isl&#x101;m&#x12B; (P&#x101;kist&#x101;n),</subfield>
    <subfield code="c">[1965-&lt;[1988]   &gt;</subfield>
  </datafield>
  <datafield tag="300" ind1=" " ind2=" ">
    <subfield code="a">v. &lt;1, 4-5, 7   &gt; ;</subfield>
    <subfield code="c">25 cm.</subfield>
  </datafield>
  <datafield tag="490" ind1="0" ind2=" ">
    <subfield code="a">Silsilah-yi mat&#x324;b&#x16B;&#x2BB;&#x101;t-i Id&#x101;rah  ;</subfield>
    <subfield code="v">nambar 5, 10</subfield>
  </datafield>
  <datafield tag="500" ind1=" " ind2=" ">
    <subfield code="a">In Urdu.</subfield>
  </datafield>
  <datafield tag="500" ind1=" " ind2=" ">
    <subfield code="a">Vol. 7- has imprint: L&#x101;haur : P&#x12B;. El. &#x1E0C;&#x12B;. Pablisharz.</subfield>
  </datafield>
  <datafield tag="504" ind1=" " ind2=" ">
    <subfield code="a">Includes bibliographical references.</subfield>
  </datafield>
  <datafield tag="505" ind1="1" ind2=" ">
    <subfield code="a">1. Q&#x101;n&#x16B;n-i azdav&#x101;j, nik&#x101;&#x1E25;, mihr, nafqah, q&#x101;n&#x16B;n-i t&#x324;al&#x101;q.   --4. Q&#x101;n&#x16B;n-i va&#x1E63;&#x12B;yyat.--5. Q&#x101;n&#x16B;n-i vir&#x101;s&#x332;at.   --7. Isl&#x101;m&#x12B; qanun-i shah&#x101;dat.</subfield>
  </datafield>
  <datafield tag="650" ind1=" " ind2="0">
    <subfield code="a">Marriage (Islamic law)</subfield>
  </datafield>
  <datafield tag="999" ind1=" " ind2=" ">
    <subfield code="c">77323</subfield>
    <subfield code="d">77323</subfield>
  </datafield>
</record>
